Marki samochodów na literę G - Statystyki

Ogólne statystyki
  • Ten quiz został rozwiązany 4 razy
  • Średni wynik to 5 z 20
Statystyki odpowiedzi
Hint Odpowiedź % Poprawnych
Rosja GAZ
75%
Korea Południowa Genesis
50%
USA GMC
50%
Chiny GAC
25%
Korea Południowa Galloper
25%
Chiny Geely
25%
Niemcy Gemballa
25%
USA Geo
25%
Włochy Giannini
25%
Wielka Brytania Ginetta
25%
Korea Południowa GMK
25%
Niemcy Goliath
25%
USA Graham-Paige
25%
Francja Grégoire
25%
Włochy Greppi
25%
Korea Południowa Gukje
25%
Chiny Geometry
0%
Niemcy Goggomobil
0%
Austria Gräf & Stift
0%
Chiny Great Wall Motor
0%
Nie znaleziono quizów pasujących do podanych kryteriów
Rozkład punktacji
Procent ludzi z każdym wynikiem
Percentyl według liczby udzielonych odpowiedzi
Twoja historia wyników
Nie rozwiązałeś tego quizu